JoJo's Bizarre Adventure Localization Names #2 - Statistics

General Stats
  • This quiz has been taken 164 times
  • The average score is 18 of 25
Answer Stats
Hint Answer % Correct
Deadly Queen Killer Queen
99%
Maiden Heaven Made in Heaven
95%
Weather Forecast Weather Report
95%
Pale Snake Whitesnake
94%
Heaven's Gate Heaven's Door
92%
Lil' Bomber Aerosmith
90%
Spicy Lady Spice Girl
87%
Shadow Sabbath Black Sabbath
86%
Cool Ice Vanilla Ice
84%
Golden Wind Gold Experience
83%
Freeway Thru Hell Highway to Hell
82%
Infamously Big Notorious B.I.G.
79%
Pole Jam Pearl Jam
74%
Mary Lynn Manson Marilyn Manson
69%
Smack Kiss
67%
Blueford Bruford
65%
Fisher Man Beach Boy
62%
Full Moon C-Moon
62%
Coco Large Coco Jumbo
62%
Canine Style Doggy Style
56%
Tender Machine Soft Machine
52%
21st Century Kid 20th Century Boy
41%
King of Nothingness King Nothing
41%
Captain Dragon Captain Tennile
21%
Going Underground Born This Way
16%
No matching quizzes found
Score Distribution
Percent of People with Each Score
Percentile by Number Answered
Your Score History
You have not taken this quiz